Actors who worked with David Yates - Statistics

General Stats
  • This quiz has been taken 30 times
  • The average score is 36 of 80
Answer Stats
Films Answer % Correct
Harry Potter and the Order of the Phoenix, Harry Potter and the Half-Blood Prince, Harry Potter and the Deathly Hallows: Part 1, Harry Potter and the Deathly Hallows: Part 2 Emma Watson
100%
Harry Potter and the Order of the Phoenix, Harry Potter and the Half-Blood Prince, Harry Potter and the Deathly Hallows: Part 1, Harry Potter and the Deathly Hallows: Part 2 Alan Rickman
88%
Harry Potter and the Order of the Phoenix, Harry Potter and the Half-Blood Prince, Harry Potter and the Deathly Hallows: Part 1, Harry Potter and the Deathly Hallows: Part 2 Daniel Radcliffe
88%
Fantastic Beasts and Where to Find Them, Fantastic Beasts: The Crimes of Grindelwald Johnny Depp
88%
Harry Potter and the Order of the Phoenix, Harry Potter and the Deathly Hallows: Part 1, Harry Potter and the Deathly Hallows: Part 2 Ralph Fiennes
88%
Harry Potter and the Order of the Phoenix, Harry Potter and the Half-Blood Prince, Harry Potter and the Deathly Hallows: Part 1, Harry Potter and the Deathly Hallows: Part 2 Rupert Grint
88%
Fantastic Beasts and Where to Find Them, Fantastic Beasts: The Crimes of Grindelwald, Fantastic Beasts: The Secrets of Dumbledore Eddie Redmayne
75%
Harry Potter and the Order of the Phoenix Gary Oldman
75%
Fantastic Beasts: The Crimes of Grindelwald, Fantastic Beasts: The Secrets of Dumbledore Jude Law
75%
The Legend of Tarzan Alexander Skarsgaard
63%
Harry Potter and the Order of the Phoenix, Harry Potter and the Deathly Hallows: Part 1 Brendan Gleeson
63%
The Legend of Tarzan Christoph Waltz
63%
Harry Potter and the Deathly Hallows: Part 1, Harry Potter and the Deathly Hallows: Part 2 Domhnall Gleeson
63%
Harry Potter and the Order of the Phoenix, Harry Potter and the Half-Blood Prince, Harry Potter and the Deathly Hallows: Part 1, Harry Potter and the Deathly Hallows: Part 2 Helena Bonham Carter
63%
Fantastic Beasts: The Secrets of Dumbledore Mads Mikkelsen
63%
Harry Potter and the Order of the Phoenix, Harry Potter and the Half-Blood Prince, Harry Potter and the Deathly Hallows: Part 2 Maggie Smith
63%
The Legend of Tarzan Margot Robbie
63%
Harry Potter and the Order of the Phoenix, Harry Potter and the Half-Blood Prince, Harry Potter and the Deathly Hallows: Part 1, Harry Potter and the Deathly Hallows: Part 2 Michael Gambon
63%
Harry Potter and the Order of the Phoenix, Harry Potter and the Deathly Hallows: Part 1 Richard Griffiths
63%
Harry Potter and the Order of the Phoenix, Harry Potter and the Half-Blood Prince, Harry Potter and the Deathly Hallows: Part 1, Harry Potter and the Deathly Hallows: Part 2 Robbie Coltrane
63%
The Legend of Tarzan Samuel L. Jackson
63%
Fantastic Beasts and Where to Find Them, Fantastic Beasts: The Crimes of Grindelwald Zoe Kravitz
63%
Harry Potter and the Deathly Hallows: Part 1, The Girl in the Café Bill Nighy
50%
Harry Potter and the Order of the Phoenix, Harry Potter and the Half-Blood Prince, Harry Potter and the Deathly Hallows: Part 1, Harry Potter and the Deathly Hallows: Part 2 Bonnie Wright
50%
Fantastic Beasts and Where to Find Them Colin Farrell
50%
Fantastic Beasts and Where to Find Them, Fantastic Beasts: The Crimes of Grindelwald, Fantastic Beasts: The Secrets of Dumbledore Dan Fogler
50%
Harry Potter and the Order of the Phoenix, Harry Potter and the Half-Blood Prince, Harry Potter and the Deathly Hallows: Part 1, Harry Potter and the Deathly Hallows: Part 2 David Thewlis
50%
The Legend of Tarzan Djimon Hounsou
50%
Harry Potter and the Order of the Phoenix, Harry Potter and the Half-Blood Prince, Harry Potter and the Deathly Hallows: Part 1, Harry Potter and the Deathly Hallows: Part 2 Evanna Lynch
50%
Fantastic Beasts and Where to Find Them, Fantastic Beasts: The Crimes of Grindelwald, Fantastic Beasts: The Secrets of Dumbledore Ezra Miller
50%
Harry Potter and the Order of the Phoenix, Harry Potter and the Deathly Hallows: Part 1 Harry Melling
50%
Harry Potter and the Order of the Phoenix, Harry Potter and the Deathly Hallows: Part 1 Imelda Staunton
50%
Harry Potter and the Order of the Phoenix, Harry Potter and the Half-Blood Prince, Harry Potter and the Deathly Hallows: Part 1, Harry Potter and the Deathly Hallows: Part 2 James Phelps
50%
Harry Potter and the Order of the Phoenix, Harry Potter and the Deathly Hallows: Part 1, Harry Potter and the Deathly Hallows: Part 2 Jason Isaacs
50%
Harry Potter and the Half-Blood Prince, Harry Potter and the Deathly Hallows: Part 2, The Legend of Tarzan Jim Broadbent
50%
Harry Potter and the Deathly Hallows: Part 1, Harry Potter and the Deathly Hallows: Part 2 John Hurt
50%
Harry Potter and the Order of the Phoenix, Harry Potter and the Half-Blood Prince, Harry Potter and the Deathly Hallows: Part 1, Harry Potter and the Deathly Hallows: Part 2 Julie Walters
50%
Harry Potter and the Order of the Phoenix, Harry Potter and the Half-Blood Prince, Harry Potter and the Deathly Hallows: Part 1, Harry Potter and the Deathly Hallows: Part 2 Mark Williams
50%
Harry Potter and the Order of the Phoenix, Harry Potter and the Half-Blood Prince, Harry Potter and the Deathly Hallows: Part 1, Harry Potter and the Deathly Hallows: Part 2 Matthew Lewis
50%
Harry Potter and the Order of the Phoenix, Harry Potter and the Half-Blood Prince, Harry Potter and the Deathly Hallows: Part 1, Harry Potter and the Deathly Hallows: Part 2 Natalia Tena
50%
Harry Potter and the Order of the Phoenix, Harry Potter and the Half-Blood Prince, Harry Potter and the Deathly Hallows: Part 1, Harry Potter and the Deathly Hallows: Part 2 Oliver Phelps
50%
Harry Potter and the Deathly Hallows: Part 1 Toby Jones
50%
Harry Potter and the Order of the Phoenix, Harry Potter and the Half-Blood Prince, Harry Potter and the Deathly Hallows: Part 1, Harry Potter and the Deathly Hallows: Part 2 Tom Felton
50%
Harry Potter and the Order of the Phoenix, Harry Potter and the Half-Blood Prince, Harry Potter and the Deathly Hallows: Part 1, Harry Potter and the Deathly Hallows: Part 2 Warwick Davis
50%
Fantastic Beasts and Where to Find Them, Fantastic Beasts: The Crimes of Grindelwald, Fantastic Beasts: The Secrets of Dumbledore Alison Sudol
38%
Pain Hustlers Chris Evans
38%
Harry Potter and the Deathly Hallows: Part 1, Harry Potter and the Deathly Hallows: Part 2 Clémence Poésy
38%
Harry Potter and the Order of the Phoenix, Harry Potter and the Half-Blood Prince David Bradley
38%
Harry Potter and the Order of the Phoenix, Harry Potter and the Half-Blood Prince, Harry Potter and the Deathly Hallows: Part 1, Harry Potter and the Deathly Hallows: Part 2 Devon Murray
38%
Harry Potter and the Order of the Phoenix, Harry Potter and the Deathly Hallows: Part 2 Emma Thompson
38%
Harry Potter and the Order of the Phoenix, Harry Potter and the Deathly Hallows: Part 1 Fiona Shaw
38%
Harry Potter and the Half-Blood Prince, Harry Potter and the Deathly Hallows: Part 1, Harry Potter and the Deathly Hallows: Part 2 Helen McCrory
38%
Fantastic Beasts and Where to Find Them, Fantastic Beasts: The Crimes of Grindelwald Katherine Waterston
38%
Harry Potter and the Order of the Phoenix, Harry Potter and the Half-Blood Prince, Harry Potter and the Deathly Hallows: Part 1, Harry Potter and the Deathly Hallows: Part 2 Katie Leung
38%
Fantastic Beasts and Where to Find Them Ron Perlman
38%
Harry Potter and the Order of the Phoenix, Harry Potter and the Half-Blood Prince, Harry Potter and the Deathly Hallows: Part 1, Harry Potter and the Deathly Hallows: Part 2 Timothy Spall
38%
Harry Potter and the Order of the Phoenix, Harry Potter and the Half-Blood Prince, Harry Potter and the Deathly Hallows: Part 2 Alfred Enoch
25%
Fantastic Beasts: The Crimes of Grindelwald, Fantastic Beasts: The Secrets of Dumbledore Callum Turner
25%
Harry Potter and the Deathly Hallows: Part 2 Ciarán Hinds
25%
Pain Hustlers Emily Blunt
25%
Harry Potter and the Half-Blood Prince, Harry Potter and the Deathly Hallows: Part 1, Harry Potter and the Deathly Hallows: Part 2 Freddie Stroma
25%
Harry Potter and the Order of the Phoenix, Harry Potter and the Deathly Hallows: Part 1, Harry Potter and the Deathly Hallows: Part 2 George Harris
25%
Harry Potter and the Half-Blood Prince Hero Fiennes Tiffin
25%
Harry Potter and the Deathly Hallows: Part 1, Fantastic Beasts: The Crimes of Grindelwald Jamie Campbell Bower
25%
Harry Potter and the Half-Blood Prince, Harry Potter and the Deathly Hallows: Part 1, Harry Potter and the Deathly Hallows: Part 2 Jessie Cave
25%
Fantastic Beasts and Where to Find Them Jon Voight
25%
Harry Potter and the Deathly Hallows: Part 2, The Girl in the Café Kelly Macdonald
25%
Harry Potter and the Half-Blood Prince, Harry Potter and the Deathly Hallows: Part 1, Harry Potter and the Deathly Hallows: Part 2 Ralph Ineson
25%
Harry Potter and the Deathly Hallows: Part 1 Rhys Ifans
25%
Harry Potter and the Order of the Phoenix Robert Hardy
25%
Fantastic Beasts and Where to Find Them Samantha Morton
25%
Harry Potter and the Deathly Hallows: Part 1 Simon McBurney
25%
Pain Hustlers Andy García
13%
The Girl in the Café Anton Lesser
13%
Pain Hustlers Chloe Coleman
13%
Fantastic Beasts: The Crimes of Grindelwald Claudia Kim
13%
Fantastic Beasts and Where to Find Them Gemma Chan
13%
The Girl in the Café Meneka Das
13%
Fantastic Beasts: The Secrets of Dumbledore Oliver Masucci
13%
Harry Potter and the Deathly Hallows: Part 1 Michelle Fairley
0%
No matching quizzes found
Score Distribution
Percent of People with Each Score
Percentile by Number Answered
Your Score History
You have not taken this quiz